| 000 | 00478nam a2200157 i 4500 | ||
|---|---|---|---|
| 001 | 149461 | ||
| 003 | ES-MaACL | ||
| 005 | 20230906203119.0 | ||
| 007 | t| | ||
| 008 | 071022s1933 sp ||||1| spa d | ||
| 100 | 1 |
_aVázquez, Gabriel. _9113359 |
|
| 245 | 1 | 0 |
_aLibertad _b: drama en cuatro actos y en verso / _coriginal de Gabriel Vázquez. |
| 260 |
_aPalma de Mallorca : _b[s.n.], _c1933 ( _fImp. Independencia) |
||
| 300 |
_a76 p. ; _c21 cm. |
||
| 852 |
_aES-MaACL _j1804-F-14 |
||
| 999 |
_c149461 _d149461 |
||